000 00626nam a2200193Ii 4500
003 JO-AjNU
008 230605s9999||||xx |||||||||||||| ||und||
040 _aJO-AjNU
_bara
_erda
_cJO-AjNU
041 _aara
050 1 4 _aZ675.S3.H37
100 3 _aالشافي ، حسن عبد,
_eauthor
_917158
245 0 0 _aالمكتبة المدرسية الابتدائية ورسالتها
264 3 1 _aبغداد : مكتبة النهضة :1900Z
300 _a224ص
336 _atext
_btxt
_2rdacontent
337 _aunmediated
_bn
_2rdamedia
338 _avolume
_bnc
_2rdacarrier
650 4 _aالمكتبة المدرسة
_917159
999 _aA5241
_c8809
_d8809